000 00433nam a2200169Ia 4500
005 20250409091543.0
008 231217s9999 xx 000 0 und d
020 _a9788187433446
082 _a001.535 TAL;1
100 _aTalwar, I M.
245 0 _aIntroduction to artificial intelligence
250 _a1st ed.
260 _c2006
_bDhanpat Rai
_aNew Delhi
300 _a618
650 _aartificial,intelligence
942 _cAA
999 _c194585
_d194585